| 000 | 01299nam a2200337 a 4500 | ||
|---|---|---|---|
| 001 | 000110903 | ||
| 003 | CHAP | ||
| 005 | 20220329144150.0 | ||
| 008 | 141020s2014 mx sm |||||||spa d | ||
| 010 | _a107365 | ||
| 011 | _a108337 | ||
| 040 | _cCHAP | ||
| 090 | _aTesis | ||
| 100 | 1 |
_aHernández Rivera, Dulce Isamar _9128648 |
|
| 245 | 1 | 0 |
_aPropiedades energéticas de la madera y el carbón de 15 especies forestales del Noreste de México _h[En línea] _cpor Dulce Isamar Hernández Rivera y Sussy Karime Tello Ponde de León. |
| 260 |
_aChapingo, Méx. : _bEl autor, _c2014. |
||
| 500 | _aPara ver el contenido del material haga clic en la liga | ||
| 502 | _aTesis (Ing. Agr. Esp. en Forestal Industrial)-- UACH. Departamento de División de Ciencias Forestales | ||
| 590 |
_aE11695DGD _b10 _c20141021 _lUCH01 _h0840 |
||
| 590 |
_aE5765TAJ _b05 _c20141020 _lUCH01 _h1313 |
||
| 590 |
_aE5765TAJ _b05 _c20141020 _lUCH01 _h1313 |
||
| 650 | 1 | 4 |
_aCarbón como combustible. _918853 |
| 650 | 1 | 4 |
_aEnergéticos. _936879 |
| 650 | 1 | 4 |
_aMadera como combustible. _969648 |
| 650 | 1 | 4 |
_aMadera _xQuímica. _969623 |
| 700 | 1 |
_aTello Ponce de León, Sussy Karime _9128649 |
|
| 856 |
_aFinding aid _uhttp://10.13.5.2/tesis/sist110903.pdf _zTeclea aquí |
||
| 901 | _aBK | ||
| 942 | _cTESIS | ||
| 942 | _n0 | ||
| 999 |
_c107365 _d107365 |
||